000
00341nam a2200133Ia 4500
008
151001s9999||||xx |||||||||||||| ||und||
100
_a
भा रा भागवत
245
_a
बोला बोला मुछांसेन
250
_a
1
260
_b
शकून
260
_c
1984
300
_a
88
365
_b
18
999
_c
964094
_d
964091